The SAT I math tutor / (Record no. 20995)

000 -LEADER
fixed length control field 01237cam a2200325 a 4500
001 - CONTROL NUMBER
control field 3017577
003 - CONTROL NUMBER IDENTIFIER
control field OSt
005 - DATE AND TIME OF LATEST TRANSACTION
control field 20170120160157.0
008 - FIXED-LENGTH DATA ELEMENTS--GENERAL INFORMATION
fixed length control field 940823s1995 njua 001 0 eng
010 ## - LIBRARY OF CONGRESS CONTROL NUMBER
LC control number 94067717
020 ## - INTERNATIONAL STANDARD BOOK NUMBER
International Standard Book Number 0878919627
040 ## - CATALOGING SOURCE
Original cataloging agency DLC
Transcribing agency DLC
Modifying agency DLC
050 00 - LIBRARY OF CONGRESS CALL NUMBER
Classification number QA 43 .R43 1999
082 00 - DEWEY DECIMAL CLASSIFICATION NUMBER
Classification number 513/.14/076
Edition number 20
100 ## - MAIN ENTRY--PERSONAL NAME
Personal name (Edited by M. Fogiel)
Dates associated with a name 1999
245 04 - TITLE STATEMENT
Title The SAT I math tutor /
Statement of responsibility, etc. staff of Research and Education Association ; M. Fogiel, chief editor.
246 3# - VARYING FORM OF TITLE
Title proper/short title SAT one math tutor
246 3# - VARYING FORM OF TITLE
Title proper/short title SAT 1 math tutor
260 ## - PUBLICATION, DISTRIBUTION, ETC. (IMPRINT)
Place of publication, distribution, etc. Piscataway, N.J. :
Name of publisher, distributor, etc. The Association,
Date of publication, distribution, etc. 1995.
300 ## - PHYSICAL DESCRIPTION
Extent x, 338 p. :
Other physical details ill. ;
Dimensions 26 cm.
440 #4 - SERIES STATEMENT/ADDED ENTRY--TITLE
Title The high school tutor series
500 ## - GENERAL NOTE
General note Includes index.
650 #0 - SUBJECT ADDED ENTRY--TOPICAL TERM
Topical term or geographic name as entry element Mathematics
General subdivision Examinations
-- Study guides.
650 #0 - SUBJECT ADDED ENTRY--TOPICAL TERM
Topical term or geographic name as entry element SAT (Educational test)
General subdivision Study guides.
700 1# - ADDED ENTRY--PERSONAL NAME
Personal name Fogiel, M.
Fuller form of name (Max)
710 2# - ADDED ENTRY--CORPORATE NAME
Corporate name or jurisdiction name as entry element Research and Education Association.
856 42 - ELECTRONIC LOCATION AND ACCESS
Materials specified Publisher description
Uniform Resource Identifier <a href="http://www.loc.gov/catdir/enhancements/fy1401/94067717-d.html">http://www.loc.gov/catdir/enhancements/fy1401/94067717-d.html</a>
906 ## - LOCAL DATA ELEMENT F, LDF (RLIN)
a 7
b cbc
c orignew
d 2
e opcn
f 19
g y-gencatlg
942 ## - ADDED ENTRY ELEMENTS (KOHA)
Source of classification or shelving scheme
Koha item type Hard Covered Materials
Classification part QA 43 .R43 1999
Call number prefix 29060

No items available.

© Machakos University Library, Along The Highway, Machakos Wote Rd, Machakos, Kenya P.O. Box 136 - 90100 Machakos - Kenya

Tel: ( +254 ) 723 805829 OR Fax : 044-20353 OR Email: library@mksu.ac.ke